Marketingová stratégia a jej miesto v riadení priemyselného podniku Ozeta, odevné závody, a.s., Trenčín : Diplomová práca

Enregistré dans:
Détails bibliographiques
Auteur principal: Paukovič, Richard (Auteur)
Autres auteurs: Šalgovičová, Jarmila, 1950- (xxx)
Format: Manuscrit Livre
Langue:slovaque
Publié: Trnava : STU v Bratislave MtF KMK, 1996
Sujets:
Tags: Ajouter un tag
Pas de tags, Soyez le premier à ajouter un tag!

MARC

LEADER 00000ntm a22000003a 4500
001 stu55520
005 20160719155145.6
008 001106s1996----xo------------------slo-d
040 |a STU  |b slo 
041 0 |a slo 
044 |a xo 
100 1 |a Paukovič, Richard  |4 aut 
245 1 |a Marketingová stratégia a jej miesto v riadení priemyselného podniku Ozeta, odevné závody, a.s., Trenčín :  |b Diplomová práca 
260 |a Trnava :  |b STU v Bratislave MtF KMK,  |c 1996 
300 |a 77 s  |c výťah 
650 7 |a manažment priemyselných podnikov  |2 stusub 
650 7 |a marketing strategický  |2 stusub 
700 1 |a Šalgovičová, Jarmila,  |d 1950-  |4 xxx  |u M4000  |U MTF Materiálovotechnologická fakulta  |T MTF Ústav priemyselného inžinierstva a manažmentu  |X 1492  |U M4000  |Y 84  |7 A000001492 
996 |b 284M025505  |c M*DP-952  |l MMSKP  |s P  |a 0  |w stu55520_0001